| 000 | 00645nam a2200241Ia 4500 | ||
|---|---|---|---|
| 003 | OSt | ||
| 005 | 20220924151123.0 | ||
| 006 | a|||||r|||| 00| 0 | ||
| 007 | ta | ||
| 008 | 220923b |||||||| |||| 00| 0 mal d | ||
| 024 | _a336186 | ||
| 037 | _cTextual | ||
| 040 |
_aARTS _cARTS _bmal |
||
| 041 |
_2mal _amal |
||
| 082 | _aO32,3NPAIx, K6 | ||
| 100 |
_aPillai N.Parameswaran Au. _9223600 |
||
| 245 | 0 | _aPanchamrtham | |
| 260 | _c1966 | ||
| 650 |
_aMALAYALAM FICTION _9183428 |
||
| 700 |
_a Mekkolla _9223601 |
||
| 942 |
_hO32,3NPAIx, K6 _cTEXL _2CC |
||
| 999 |
_c465587 _d465587 |
||